Suicide Squad-ALL CHARACTERS - Statistics

General Stats
  • This quiz has been taken 8 times
  • The average score is 15 of 25
Answer Stats
Hint Answer % Correct
Both Harley Quinn
100%
2 Peacemaker
100%
Both Captain Boomerang
88%
Both Rick Flag
88%
Both Amanda Waller
75%
2 Bloodsport
75%
1 Deadshot
75%
1 El Diablo
75%
1 Joker
75%
1 Killer Croc
75%
2 Polka Dot man
75%
2 Ratcatcher 2
75%
2 Weasel
75%
1 Enchantress
63%
2 Javelin
63%
2 King Shark
63%
1 Katana
50%
2 Savant
50%
1 Slipknot
50%
2 Blackguard
38%
2 Mongol
38%
2 Thinker
38%
2 Luna
0%
2 Sol Soria
0%
2 TDK (The Detachable Kid)
0%
No matching quizzes found
Score Distribution
Percent of People with Each Score
Percentile by Number Answered
Your Score History
You have not taken this quiz